Responses for Show #6197 - Tuesday, July 19, 2011

Mark Runsvold game 3.

Contestants

[<< previous game]

Tom Vaughan, a plastic surgeon from Cape Elizabeth, Maine

Christine Janson, a freelance writer and editor from Frederick, Maryland

Mark Runsvold, a student and waiter from Moscow, Idaho (whose 2-day cash winnings total $103,000)

[next game >>]

Jeopardy! Round responses

ADVENTURES IN LITERATURE
MUSICAL NUMBERS
THE PLUMBER KNOWS
"A" BEFORE "E"
(Alex: Each correct response will begin with "A-E".)
CELEBRATED ON THEIR BIRTHDAYS
MASSACHUSETTS GENERAL HOSPITAL
(Sarah: Advancing medical research and care since the 19th century.)
    $200 1
Huck Finn & Tom Sawyer

Mark
    $200 5
Three

Tom
    $200 25
the faucet

Tom
    $200 20
an aerial

Mark
    $200 17
Thomas Edison

Tom
    $200 12
ether

Tom
    $400 2
Phantom of the Opera

Mark
    $400 9
One

Tom
    $400 21
Aetna

Tom
    $400 18
(Tom: Who is Clara Barton?)

(Florence) Nightingale

MarkTom
    $400 4
MRI

Christine
    $600 3
Little House on the Prairie

Tom
    $600 10
Nine

Mark
    $600 24
Aer Lingus

Christine
    $600 19
Luther Burbank

Christine
    $600 13
a biopsy

Tom
    $800 6
Crimson Tide

Triple Stumper
    $800 8
Seven

Mark
    $800 23
(Christine: Who is Aeneid?)

Aeneas

MarkChristine
    $800 16
Norman Rockwell

Mark
    $2,800 14
(Tom: What is cancer?)

mutations

Tom
    $1000 7
Travels with Charley

Tom
    $1000 11
Five

Mark
    $1000 22
the aerocar

Mark
    $1000 26
[The end-of-round signal sounds.]

J.M. Barrie

Christine
    $1000 15
(Mark: What are alpha particles?)
(Tom: What are neutrons?)
(Christine: What are ions?)

protons

MarkChristineTom
Triple Stumper

Scores at the first commercial break (after clue 13):

Mark Christine Tom
$3,000 $400 $3,000

Scores at the end of the Jeopardy! Round:

Mark Christine Tom
$5,200 $800 -$400

Double Jeopardy! Round responses

FRANKS
DEAN
SAMI
JOEY
PETER
(Alex: And what do they have in common?...)
THE "RAT" PACK
    $400 5
Ball Park Franks

Tom
    $400 1
ten

Christine
    $400 15
the Lapps

Christine
    $400 23
wombats

Mark
    $400 6
Peter Jackson

Tom
    $400 10
a rattle

Christine
    $800 3
kosher

Mark
    $800 2
(Christine: Who is Sotomayor?)

(Elena) Kagan

ChristineTom
    $800 16
Russia

Mark
    $800 24
(Tom: What's a squirrel?)

a kangaroo

MarkTom
    $800 30
Peter Sellers

Tom
    $800 11
ratification

Christine
    $1200 4
Vienna

Mark
    $1200 20
journalism

Christine
    $1200 17
reindeer

Tom
    $1200 25
a glider

Mark
    $1200 9
Peter Lawford

Christine
    $1200 12
a ratchet

Tom
    $1600 21
Nathan's

Christine
    $1600 27
St. Patrick's

Christine
    $1600 18
nomads

Mark
    $1600 26
mammary glands

Tom
    $1600 7
Peter Weir

Tom
    $1600 13
rattan

Mark
    $2000 22
cellulose

Tom
    $2000 28
the American Bar Association

Tom
    $3,800 19
Chernobyl

Mark
    $4,200 29
(Tom: What is a pygmy rat?)

bandicoot

Tom
    $2000 8
Pete Postlethwaite

Tom
    $2000 14
rationale

Tom

Scores at the end of the Double Jeopardy! Round:

Mark Christine Tom
$17,400 $7,600 $10,600

[wagering suggestions for these scores]

Final Jeopardy! Round responses

19th CENTURY NOVELS
ChristineWhat is War and Peace?
$7,500
TomWhat is War and Peace?
$7,000
MarkWhat is War & Peace?
$3,801
War and Peace

Final scores:

Mark Christine Tom
$21,201 $15,100 $17,600
3-day champion: $124,201 3rd place: $1,000 2nd place: $2,000

Game dynamics:

Coryat scores:

Mark Christine Tom
$15,600 $7,600 $17,600
19 R
(including 1 DD),
1 W
12 R,
3 W
21 R,
5 W
(including 2 DDs)

Combined Coryat: $40,800

[game clues] [game scores] [suggest correction]

Game tape date: 2011-03-22
The J! Archive is created by fans, for fans. Scraping, republication, monetization, and malicious use prohibited; this site may use cookies and collect identifying information. See terms. The Jeopardy! game show and all elements thereof, including but not limited to copyright and trademark thereto, are the property of Jeopardy Productions, Inc. and are protected under law. This website is not affiliated with, sponsored by, or operated by Jeopardy Productions, Inc. Join the discussion at JBoard.tv.